000 011670am a2200265 004500
003 EG-GiCUC
008 081224s2003 sj a g 000 0 ara d
040 _aEG-GiCUC
_bara
_cEG-GiCUC
043 _an*us***
_af*sj***
050 4 _aE183.8. S73
_bI86
092 0 4 _a327.730624
_bI83
_221
099 _a04
_a327.730624 I83
100 1 _aاسماعيل : مصطفى عثمان :
_d1955-
245 1 2 _aالنظام العالمى الجديد:
_bقوة القانون ام قانون القوة/
_cمصطفى عثمان اسماعيل
250 _aط1
260 _aالسودان:
_bدار الاصالة للصحافة والنشر والانتاج الاعلامى:
_c2003
300 _a196ص:
_bايض(بعضها لو)؛
_c24سم
651 7 _aالسودان
_xالعلاقات الخارجية
_yالولايات المتحدة الامريكية
_2qrmak
651 7 _aالولايات المتحدة الامريكية
_xالعلاقات الخارجية
_zالسودان
_2qrmak
902 _a1
905 _aجيهان
_eمراجع
905 _aرضا
_eمدخل
942 _2ddc
_cBK
999 _c110914
_d110914